Modely všeobecnej ekonomickej rovnováhy diplomová práca

Uložené v:
Podrobná bibliografia
Hlavný autor: Lipánová, Beáta
Korporativný autor: Fakulta hospodárskej informatiky EU. Katedra operačného výskumu a ekonometrie
Ďalší autori: Lukáčiková, Adriana, 1971-
Médium: Kniha
Jazyk:Slovak
Vydavateľské údaje: Bratislava 2011
Tagy: Pridať tag
Žiadne tagy, Buďte prvý, kto otaguje tento záznam!

MARC

LEADER 00000nbm a2200000 4500
001 0140587
005 20161109101935.8
041 0 |a slo 
044 |a SK 
245 1 0 |a Modely všeobecnej ekonomickej rovnováhy  |b diplomová práca  |c Beáta Lipánová ; školiteľ: Adriana Lukáčiková 
264 1 |a Bratislava  |c 2011 
300 |a 54 s. 
100 1 |a Lipánová, Beáta 
700 1 |a Lukáčiková, Adriana, 1971- 
710 2 |a Fakulta hospodárskej informatiky EU. Katedra operačného výskumu a ekonometrie